Megalakult a nőtanács szegedi jogi bizottsága fontos kérdésekről tárgyal a központi jogi bizottság új értekezlete
Elmentve itt :
| Dokumentumtípus: | Cikk |
|---|---|
| Megjelent: |
1960-10-15
|
| Sorozat: | Délmagyarország
|
| Kulcsszavak: | Politikai élet Szeged 1960 |
| Online Access: | http://dmarchiv.bibl.u-szeged.hu/54584 |
| LEADER | 00499nab a2200145 i 4500 | ||
|---|---|---|---|
| 001 | delm54584 | ||
| 005 | 20180927141904.0 | ||
| 008 | 180927s1960 hu o 0|| hun d | ||
| 040 | |a SZTE Délmagyarország Archívum |b hun | ||
| 041 | |a hun | ||
| 245 | 0 | 0 | |a Megalakult a nőtanács szegedi jogi bizottsága |h [elektronikus dokumentum] : |b fontos kérdésekről tárgyal a központi jogi bizottság új értekezlete |
| 260 | |c 1960-10-15 | ||
| 300 | |a 3 | ||
| 490 | 0 | |a Délmagyarország | |
| 695 | |a Politikai élet Szeged 1960 | ||